Streetfighter Marketing

Saved in:
Bibliographic Details
Main Author: Slutsky, Jeff
Other Authors: Slutsky, Marc
Format: Book
Language:English
Published: New York Lexington Books 1995
Edition:1. ed.
Subjects:
Tags: Add Tag
No Tags, Be the first to tag this record!

MARC

LEADER 00000nam a2200000 4500
001 c020068
005 20221205133559.7
020 |a 0-02-929231-X 
041 0 |a eng 
044 |a US 
245 1 0 |a Streetfighter Marketing  |c Jeff Slutsky, Marc Slutsky 
250 |a 1. ed. 
264 1 |a New York  |b Lexington Books  |c 1995 
300 |a 244 s. 
610 2 0 |a marketing 
610 2 0 |a marketing manažment 
610 2 0 |a reklama 
610 2 0 |a propagácia 
100 1 |a Slutsky, Jeff 
700 1 |a Slutsky, Marc